Score 0/14 Timer 02:00
2 Plays Today
Car Missing Word % Correct
_____ TaurusFord
95.4%
____ AccordHonda
95.2%
____ CamryToyota
93.2%
____ ImpalaChevrolet
90%
____ Grand CherokeeJeep
88.2%
____ EscaladeCadillac
73.4%
____ SoulKia
70.7%
Car Missing Word % Correct
____ FirebirdPontiac
64%
____ Santa FeHyundai
60.1%
____ LeafNissan
60%
____ Town & CountryChrysler
57.4%
____ CayennePorsche
56.5%
____ ImprezaSubaru
56%
____ R8 SpyderAudi
40.9%

Today's Daily Dose

Remove Ads.
Support Sporcle.
Get the best of Sporcle when you Go Orange. This ad-free experience offers more features, more stats, and more fun while also helping to support Sporcle. Thank you for becoming a member.

You're not logged in!

Compare scores with friends on all Sporcle quizzes.
OR
Log In

Show Comments

Extras

Top Quizzes Today


Score Distribution

Your Account Isn't Verified!

In order to create a playlist on Sporcle, you need to verify the email address you used during registration. Go to your Sporcle Settings to finish the process.

Report this User

Report this user for behavior that violates our Community Guidelines.

Details: